Awesome arithmetricks / (Record no. 1851)

MARC details
000 -LEADER
fixed length control field 01919cam a22005057i 4500
001 - CONTROL NUMBER
control field 1851
003 - CONTROL NUMBER IDENTIFIER
control field FISKH
005 - DATE AND TIME OF LATEST TRANSACTION
control field 20241014090603.0
008 - FIXED-LENGTH DATA ELEMENTS--GENERAL INFORMATION
fixed length control field 160205r20081999enka j 000 0 eng
010 ## - LIBRARY OF CONGRESS CONTROL NUMBER
LC control number 2015458857
015 ## - NATIONAL BIBLIOGRAPHY NUMBER
National bibliography number GBA864046
Source bnb
016 7# - NATIONAL BIBLIOGRAPHIC AGENCY CONTROL NUMBER
Record control number 014607510
Source Uk
020 ## - INTERNATIONAL STANDARD BOOK NUMBER
International Standard Book Number 9781407105857
Qualifying information (pbk.)
020 ## - INTERNATIONAL STANDARD BOOK NUMBER
International Standard Book Number 140710585X
Qualifying information (pbk.)
035 ## - SYSTEM CONTROL NUMBER
System control number (OCoLC)ocn227277268
040 ## - CATALOGING SOURCE
Original cataloging agency UKM
Language of cataloging eng
Transcribing agency UKM
Modifying agency BTCTA
-- YDXCP
-- OCLCF
-- OCLCO
-- OCLCQ
-- DLC
042 ## - AUTHENTICATION CODE
Authentication code lccopycat
050 00 - LIBRARY OF CONGRESS CALL NUMBER
Classification number QA99
Item number .P669 2008
082 04 - DEWEY DECIMAL CLASSIFICATION NUMBER
Classification number 513.21
Edition number 22
100 1# - MAIN ENTRY--PERSONAL NAME
Personal name Poskitt, Kjartan.
245 10 - TITLE STATEMENT
Title Awesome arithmetricks /
Statement of responsibility, etc. Kjartan Poskitt
260 ## - PUBLICATION, DISTRIBUTION, ETC.
Place of publication, distribution, etc. London :
Name of publisher, distributor, etc. Scholastic,
Date of publication, distribution, etc. 2008.
300 ## - PHYSICAL DESCRIPTION
Extent 176 pages :
Other physical details illustrations ;
Dimensions 22 cm.
336 ## - CONTENT TYPE
Content type term text
Content type code txt
Source rdacontent
337 ## - MEDIA TYPE
Media type term unmediated
Media type code n
Source rdamedia
338 ## - CARRIER TYPE
Carrier type term volume
Carrier type code nc
Source rdacarrier
490 1# - SERIES STATEMENT
Series statement Murderous maths
500 ## - GENERAL NOTE
General note Originally published: London: Hippo, 1999.
505 ## - FORMATTED CONTENTS NOTE
Formatted contents note Z'<br/>
520 ## - SUMMARY, ETC.
Summary, etc. Find out how to count your way out of a death-trap, why multiplication can stop a hairy green spot epidemic, and meet the barmy pure mathematicians who spent years proving 5 + 0 = 5. Meanwhile, Chainsaw Charlie, Half smile and their gang discover that even the simplest math can be murderous.
521 8# - TARGET AUDIENCE NOTE
Target audience note 990<br/>
Source Lexile <br/>
521 8# - TARGET AUDIENCE NOTE
Target audience note Z'<br/>
Source Raz-Plus <br/>
650 #0 - SUBJECT ADDED ENTRY--TOPICAL TERM
Topical term or geographic name entry element Arithmetic
Form subdivision Miscellanea
-- Juvenile literature.
650 #0 - SUBJECT ADDED ENTRY--TOPICAL TERM
Topical term or geographic name entry element Arithmetic
Form subdivision Juvenile humor.
650 #7 - SUBJECT ADDED ENTRY--TOPICAL TERM
Topical term or geographic name entry element Arithmetic.
Source of heading or term fast
Authority record control number or standard number (OCoLC)fst00814484
655 #7 - INDEX TERM--GENRE/FORM
Genre/form data or focus term Humor.
Source of term fast
Authority record control number or standard number (OCoLC)fst01423696
655 #7 - INDEX TERM--GENRE/FORM
Genre/form data or focus term Juvenile works.
Source of term fast
Authority record control number or standard number (OCoLC)fst01411637
655 #7 - INDEX TERM--GENRE/FORM
Genre/form data or focus term Miscellanea.
Source of term fast
Authority record control number or standard number (OCoLC)fst01423854
700 1# - ADDED ENTRY--PERSONAL NAME
Personal name Postgate, Daniel.
Relator term illustrator
700 1# - ADDED ENTRY--PERSONAL NAME
Personal name Davis, Rob
Relator term illustrator
830 #0 - SERIES ADDED ENTRY--UNIFORM TITLE
Uniform title Murderous maths.
906 ## - LOCAL DATA ELEMENT F, LDF (RLIN)
a 7
b cbc
c copycat
d 2
e ncip
f 20
g y-gencatlg
942 ## - ADDED ENTRY ELEMENTS (KOHA)
Source of classification or shelving scheme Dewey Decimal Classification
Koha item type Books
Suppress in OPAC No
Holdings
Withdrawn status Lost status Source of classification or shelving scheme Damaged status Not for loan Collection Home library Current library Shelving location Date acquired Total Checkouts Full call number Barcode Date last seen Copy number Price effective from Koha item type Date due Date last checked out
    Dewey Decimal Classification     Non-Fiction Footprints International School Library Network Toul Kork Campus Footprints International School Library Network Toul Kork Campus   10/05/2023   POS 513.2 QA99 FISTK03913 10/05/2023 1 10/05/2023 Books    
    Dewey Decimal Classification     Non-Fiction Footprints International School Library Network Toul Kork Campus Footprints International School Library Network Toul Kork Campus TTP Secondary Non-Fiction Bookshelves 10/05/2023 1 POS 513.2 QA99 FIS00180 04/22/2026 2 10/05/2023 Books 05/06/2026 04/22/2026